| 000 | 00654nam a2200229 i 4500 | ||
|---|---|---|---|
| 001 | C2-0250660 | ||
| 003 | PPAK | ||
| 005 | 20180727214315.0 | ||
| 008 | 030715s1964 my a|||| ||||| | may d | ||
| 040 |
_aPPAK _beng _cPPAK _erda |
||
| 082 | 0 | 4 |
_a398.2 _223 |
| 090 | 0 | 0 |
_a398.2 _bAWA _dKSI |
| 100 | 0 |
_aAwang Had bin Salleh, _eauthor |
|
| 245 | 1 | 0 | _aSelindung bulan kedah tua |
| 264 | 1 |
_aKuala Lumpur : _bDewan Bahasa dan Pustaka , _c1964 |
|
| 300 |
_axxiv, 71 pages : _billustrations ; _c19 cm |
||
| 336 |
_2rdacontent _atext |
||
| 337 |
_2rdamedia _aunmediated |
||
| 338 |
_2rdacarrier _avolume |
||
| 650 | 1 | 0 | _aFolk literature - Malay |
| 942 |
_ddc _cB |
||
| 999 |
_c63992 _d63992 |
||